000 00732nam a2200205 a 4500
999 _c2477
_d2477
001 2477
003 BD-JhCC
005 20171105103237.0
008 171102s1970 bg ||||| |||| 00| 0 ben d
035 _a(BD-JhCC)
040 _aBD-JhCC
_dBD-JhCC
041 _aben
082 _a491.4403
_bRAS 1970
100 _aরশিদ, হাবিবুর
245 _aভাষা ও সাহিত্য পরিভাষা-কোষ /
_cহাবিবুর রহমান
260 _aঢাকা :
_bকেন্দ্রীয় বাংলা-উন্নয়ন বোর্ড ;
_c১৯৭০
300 _a৫৪ পৃ. ;
_c২৪ সেমি
650 _aTerminology of language and literature
942 _2ddc
_cBK